Score 0/30 Timer 05:00
1 Play Today
% Correct
bee
96.6%
dare
94.5%
folk
93.8%
luke
93.5%
grey
93.1%
kill
93.1%
thunder
92.7%
fly
92.6%
jig
92.4%
knap
92.3%
class
91.7%
nose
91.3%
lop
90.8%
master
90.2%
cheap
90.1%
% Correct
dim
90.1%
prim
90%
pepper
89.5%
eaves
89.5%
speak
89%
handle
89%
quick
88.9%
camp
88.7%
wet
87.7%
vine
87.6%
block
86.9%
box
86.8%
ghost
86.4%
dumb
82.3%
brow
77.6%
Remove Ads.
Support Sporcle.
Get the best of Sporcle when you Go Orange. This ad-free experience offers more features, more stats, and more fun while also helping to support Sporcle. Thank you for becoming a member.

You're not logged in!

Compare scores with friends on all Sporcle quizzes.
OR
Log In

Show Comments

Extras

Top Quizzes Today


Score Distribution

Your Account Isn't Verified!

In order to create a playlist on Sporcle, you need to verify the email address you used during registration. Go to your Sporcle Settings to finish the process.

Report this User

Report this user for behavior that violates our Community Guidelines.

Details: